Lana Del Rey (feat. SYML) - Paris, Texas (Lyrics) - Statistics

General Stats
  • This quiz has been taken 190 times
  • The average score is 134 of 180
Answer Stats
Answer % Correct
I
100%
Paris
100%
a
99%
to
99%
When
98%
when
98%
went
97%
in
96%
my
95%
you
94%
hand
93%
With
91%
go
90%
know,
89%
know
89%
It
88%
suitcase
88%
the
85%
it's
84%
It's
84%
It's
84%
it's
84%
time,
84%
time
84%
Time
84%
no
77%
took
71%
understand
71%
you're
71%
You're
71%
leave
69%
had
68%
Spain
68%
they
68%
notebook
67%
wouldn't
66%
see
64%
Alabama
63%
Knew
62%
some
62%
Then
62%
Just
61%
friends
60%
home
59%
home,
59%
And
58%
of
56%
right,
56%
right
56%
Florence,
53%
mine
53%
on
53%
more
51%
wrong
51%
That
50%
that
50%
trip
49%
back
48%
are
46%
bright
45%
Down
45%
Even
45%
only
45%
is
44%
than
44%
flew
43%
star
43%
Brighter
40%
one
40%
alone
36%
Like
35%
summer
34%
Dancing
30%
everyone's
30%
breeze
29%
floor
29%
left
29%
same
27%
"Hello,"
25%
call
23%
Except
21%
while
21%
seems
20%
weren't
19%
they're
18%
everything's
16%
No matching quizzes found
Score Distribution
Percent of People with Each Score
Percentile by Number Answered
Your Score History
You have not taken this quiz